| 000 | 01251nas1a22003011i 4500 | ||
|---|---|---|---|
| 001 | RU\NLR\Per\486673 | ||
| 005 | 20241212184155.0 | ||
| 011 | _a2074-7942 | ||
| 035 | _a(NLR Aleph) 003155023 | ||
| 090 |
_a3042687 _c3042687 |
||
| 100 | _a20070319a20059999|||y0rusy50 ca | ||
| 101 | 0 | _arus | |
| 102 | _aRU | ||
| 110 | _aaf||||||||| | ||
| 200 | 1 |
_aЗАГС _eежемесячный научный-практический журнал |
|
| 210 |
_aМосква _c[б. и.] _d2005 - |
||
| 606 | 1 |
_aЗапись актов гражданского состояния _jПериодические издания _yРоссийская Федерация _92140535 _3RU\NLR\AUTH\661290199 |
|
| 686 | 1 | _aХ621.164.043я54 | |
| 801 | 0 |
_aRU _bNLR _gPSBO |
|
| 801 | 1 |
_aRU _bNLR _c20070319 _2rusmarc |
|
| 801 | 2 |
_aRU _bNLR _c20070319 _2rusmarc |
|
| 852 |
_aNLR _jП23/6449 |
||
| 942 | _cJOURNAL | ||
| 980 | _aRUSPER | ||